[Event "Sicilia Regional-ch"]
[Site "Erice"]
[Date "2009.06.02"]
[Round "7"]
[White "Ferrante, Filippo"]
[Black "Meo, Antonino"]
[Result "0-1"]
[WhiteElo "1587"]
[BlackElo "1434"]
[PlyCount "76"]
[EventDate "2009.05.30"]
[EventType "swiss"]
[EventRounds "7"]
[EventCountry "ITA"]
[SourceTitle "EXT 2011"]
[Source "ChessBase"]
[SourceDate "2010.11.26"]
[SourceVersion "1"]
[SourceVersionDate "2010.11.26"]
[SourceQuality "1"]

1. Nf3 d6 2. d4 g6 3. g3 Bg7 4. Bg2 Nf6 5. 0-0 0-0 6. c3 Nbd7 7. Re1 b6 8. Nbd2 Bb7 9. e4 c5 10. d5 a5 11. Qc2 Ba6 12. Nf1 Ng4 13. Ne3 Nge5 14. c4 Nxf3+ 15. Bxf3 Ne5 16. Bg2 b5 17. Rb1 bxc4 18. f4 Nd3 19. Rd1 Nb4 20. Qa4 c3 21. bxc3 Bxc3 22. e5 dxe5 23. d6 exd6 24. Bxa8 Qxa8 25. Rxd6 Qe4 26. Rxb4 Bxb4 27. Rxa6 exf4 28. gxf4 Qxf4 29. Qd1 Re8 30. Ng2 Qc4 31. Ra7 Qxa2 32. Bh6 c4 33. Rc7 c3 34. Kh1 Bd6 35. Rxc3 Qf2 36. Qg1 Qf5 37. Ne3 Qh5 38. Ng4 Qd5+ 0-1